Movie to Place - Statistics

General Stats
  • This quiz has been taken 14 times
  • The average score is 5 of 10
Answer Stats
Hint Answer % Correct
Sound of Music Austria
100%
Titanic North Atlantic Ocean
77%
Harry Potter United Kingdom
69%
Miracle on Ice Lake Placid
62%
Mighty Ducks 2 Los Angeles
62%
Iron Man 2 New York
46%
Captain America Nazi Germany
38%
Princess and the Frog New Orleans
31%
Knute Rockne-All American South Bend
31%
Mighty Ducks Minneapolis
15%
No matching quizzes found
Score Distribution
Percent of People with Each Score
Percentile by Number Answered
Your Score History
You have not taken this quiz